000 00836nas a2200253 4500
001 BR0104851
003 BR-BrBNA
005 20231205102535.0
007 ta
008 230509b bl.|||p| |||| 00| 00por d
040 _aBR-BrBNA
_bpor
_cBiblioteca Nacional de Agricultura
041 _a(En)
072 _aQ03
100 1 _aCastro, L. de
100 1 _aVargas, E.A.
245 1 _aDetermining Aflatoxins B1, B2 G1 and G2 in maize using florisil clean with thin layer chromatography and visual and densitometric quantification
650 _aMilho
650 _aAflatoxina
650 _aCromatografia
650 _aAnalise Quantitativa
773 0 _tCiencia e Tecnologia de Alimentos (Brazil)
_xISSN 0101-2061
_g(Jan-Apr 2001), v. 21(1) p. 115-122
_wBR0104851
909 _a202311
_bLúcia
_c55
_dLúcia Elande
942 _2AGRIS
_n0
_cANA
999 _c168072
_d168072